1874 1435 1916 1375 1179 1249 1718 1584 1127 1993 1367 1042 1978 1848 1910 1957 1410 1982 1710 1314 1358 1573 1172 1818 1498 1296 1055 1120 1592 1452 1297 1285 1800 1032 1622 1399 1911 1056 1129 1383 1685 1493 1017 1773 1581 1110 1632 1586 1662 1942 1966 1264 1312 1959 1195 1069 1019 1621 1174 1646 1617 1633 1151 1681 1837 1096 1964 1678 1682 1717 1978 1758 1348 1034 1771 1277 1437 1637 1128 1402 1941 1769 1860 1179 1082 1418 1683 1057 1553 1552 1773 1713 1740 1798 1668 1834 1698 1513 1048 BCNSPRNW ULIB Ver.6.0+V

เปลี่ยนเป็นภาษาไทย

Change to English
 แสดงรายละเอียดบรรณานุกรม
  กลับหน้าหลัก

Brief Record : Get Marc (ISO 2709) : E-mail record : QR code < ปิดหน้าต่าง
LEADER : 00000nam 2200000uu 4500
001    13399111772
003     ULIB
008    110627s2552||||th 000 0 tha d
020    9786160600311
090    นว.^bต113จ 2552
100 0  ตู้โม่อวี่
245 00 พระพันปีตัวร้าย ชุด ตำหนักรักนิรันดร์/^cตู้โม่อวี่
250    พิมพ์ครั้งที่ 1
260    กรุงเทพฯ :^bแจ่มใส,^c2552
300    414 หน้า
945    ^p259^l0^i026736
995    ทศพร
999 ^a ใช้งานได้ทุกระบบ
รายการนี้ยังไม่มีแท็ก
คุณยังไม่ได้ล็อกอิน คุณสามารถมีกิจกรรมร่วมกับเว็บไซต์ได้ แต่ต้องล็อกอินก่อน ::
  ล็อกอิน

รายการสื่อสารสนเทศ

ลำดับที่ ประเภท เลขเรียก/บาร์โค้ด สถานที่ สถานะ
- ไม่พบข้อมูล -

BibComment


ยังไม่เคยถูกคอมเมนท์

คอมเมนท์ทรัพยากรรายการนี้
  คอมเมนท์: พระพันปีตัวร้าย ช..


 Copyright 2026. Bcnsprnw @Library